000 00662nam a2200217Ia 4500
003 GCL
008 140319s9999 xx 000 0 ara d
040 _aGCL /
_cGCL
082 0 4 _a229.8
_bم م
100 1 _aمنير سلطان
245 1 0 _aمناهج فى تحليل النظم القرانى /
_cمنير سلطان
260 _a[S.N] :
_bمنشاة المعارف الاسلامية ،
_c1990
300 _a347 ص
490 _a
650 0 4 _aالفاظ
650 0 4 _aالمباحث العامة
650 0 4 _aالقران فى الادب
650 0 4 _aالاحكام التى اشتمل عليها
650 0 4 _aالقران
942 _2ddc
_cBK
999 _c33210
_d33210